Il Giorno /
Saved in:
| Main Author: | |
|---|---|
| Other Authors: | |
| Format: | Book |
| Language: | Italian |
| Published: |
Firenze :
G. C. Sansoni,
stampa 1937
|
| Edition: | Nuova tiratura |
| Series: | Biblioteca scolastica di classici italiani
|
| Tags: |
No Tags, Be the first to tag this record!
|
MARC
| LEADER | 00000nam a22000007i 4500 | ||
|---|---|---|---|
| 001 | IT\ICCU\TO0\1562451 | ||
| 003 | ItRI | ||
| 005 | 20260115232304.0 | ||
| 008 | 061116s1937 it |||||| ||||| |||||c | ||
| 040 | |b ita |c importazione bologna sebina | ||
| 041 | 7 | |a ita |2 ISO-639-2 | |
| 100 | 1 | |a Parini, Giuseppe, |d (1729-1799) |0 IT\ICCU\CFIV\019551 |4 aut | |
| 240 | 1 | 3 | |a Il giorno |3 IT\ICCU\PAV\1002783 |9 Parini, Giuseppe <1729-1799> |
| 245 | 1 | 3 | |a Il Giorno / |c di Giuseppe Parini ; con introduzione e commento di Giuseppe Albini. |
| 250 | |a Nuova tiratura | ||
| 260 | |a Firenze : |b G. C. Sansoni, |c stampa 1937 | ||
| 300 | |a XXII, 199 p. ; |c 19 cm. | ||
| 700 | 1 | |a Albini, Giuseppe, |d (1863-1933) |0 IT\ICCU\CFIV\093599 |4 aui | |
| 790 | 1 | |a Ripano, Eupilino |3 IT\ICCU\SBNV\010866 |z Parini, Giuseppe (1729-1799) | |
| 830 | 0 | |a Biblioteca scolastica di classici italiani |0 IT\ICCU\RAV\0173152 | |
| 942 | |2 ddc |c BK |n 0 | ||
| 952 | |0 0 |1 0 |4 0 |6 DOC_851_600000000000000_PAR |7 0 |9 23628 |a BO |b BO |d 2026-01-15 |i 14386 |l 0 |o DOC 851.6 PAR |p BO14386 |r 2026-01-15 23:23:04 |w 2026-01-15 |x [Sebina 7] [1 v.] |y BK |z 1 v. | ||
| 999 | |c 20122 |d 20122 | ||